Nom complet des clubs de Ligue 1, Ligue 2 et National - Statistiques

Statistiques générales
  • Ce quiz a été pris 50 fois
  • Le résultat moyen est 32 sur 54
Statistiques - réponses
Initiales Ville représentée Nom complet % Correct
OM Marseille Olympique de Marseille
95%
PSGFC Paris Paris Saint-Germain Football Club
95%
OL Lyon Olympique lyonnais
93%
SB29 Brest Stade brestois 29
91%
SdR Reims Stade de Reims
91%
FCN Nantes Football Club de Nantes
86%
TFC Toulouse Toulouse Football Club
86%
FCL Lorient Football Club de Lorient
84%
PFC Paris Paris Football Club
84%
RCL Lens Racing Club de Lens
84%
FCM Metz Football Club de Metz
82%
SRFC Rennes Stade rennais Football Club
82%
ASMFC Monaco Association Sportive de Monaco Football Club
75%
ASSE Saint-Étienne Association Sportive de Saint-Étienne
75%
CF63 Clermont-Ferrand Clermont Foot 63
75%
FCA Annecy Football Club d'Annecy
75%
FCGB Bordeaux Football Club des Girondins de Bordeaux
75%
GF38 Grenoble Grenoble Foot 38
75%
EAG Guingamp En avant de Guingamp
73%
FCM Martigues Football Club de Martigues
73%
PFC Pau Pau Football Club
73%
VFC Valenciennes Valenciennes Football Club
73%
NO Nîmes Nîmes Olympique
70%
RCSA Strasbourg Racing Club de Strasbourg Alsace
68%
LOSC Lille Lille Olympique Sporting Club
66%
SCB Bastia Sporting Club de Bastia
66%
AFC Aubagne Aubagne Football Club
64%
FCV78 Versailles Football Club Versailles 78
64%
FCR1899 Rouen Football Club de Rouen 1899
59%
LMFC Le Mans Le Mans Football Club
59%
SMC Caen Stade Malherbe Caen
59%
FCSM Sochaux Football Club de Sochaux-Montbéliard
57%
ASC Amiens Amiens Sporting Club
55%
ASNL Nancy Association sportive Nancy-Lorraine
55%
MHSC Montpellier Montpellier Hérault Sport Club
52%
SLMFC Laval Stade lavallois Mayenne Football Club
52%
RAF Rodez Rodez Aveyron Football
50%
LBC Châteauroux La Berrichonne de Châteauroux
48%
HAC Le Havre Le Havre Athletic Club
48%
USQRM Quevilly Union sportive Quevilly Rouen Métropole
43%
AJA Auxerre Association de la Jeunesse auxerroise
41%
RSFC Saint-Ouen-sur-Seine Red Star Football Club
41%
CNFC Niort Chamois niortais Football Club
36%
DFCO Dijon Dijon Football Côte-d'Or
34%
P13A Paris Paris 13 Atletico
34%
FBBP01 Bourg-en-Bresse Football Bourg-en-Bresse Péronnas 01
30%
ASCO Angers Angers Sporting Club de l'Ouest
27%
OGCN Nice Olympique Gymnaste Club de Nice
27%
ESTAC Troyes Espérance sportive Troyes Aube Champagne
25%
USC Concarneau Union sportive concarnoise
25%
USOLF Orléans Union sportive Orléans Loiret football
25%
USBCO Boulogne-sur-Mer Union sportive Boulogne Côte d'Opale
23%
USLD Dunkerque Union sportive du littoral de Dunkerque
23%
ACA Ajaccio Athletic Club ajaccien
20%
Aucun quiz correspondant
Distribution des résultats
% des personnes avec chaque résultat
Percentile par nombre de réponses
Votre historique - résultats
Vous n’avez pas pris ce quiz